<?xml version="1.0" encoding="UTF-8"?>
<record
    xmlns:xsi="http://www.w3.org/2001/XMLSchema-instance"
    xsi:schemaLocation="http://www.loc.gov/MARC21/slim http://www.loc.gov/standards/marcxml/schema/MARC21slim.xsd"
    xmlns="http://www.loc.gov/MARC21/slim">

  <leader>01936njm a2200397Ia 4500</leader>
  <controlfield tag="001">26773</controlfield>
  <controlfield tag="003">IT-RoPAU</controlfield>
  <controlfield tag="005">20220918181113.0</controlfield>
  <controlfield tag="008">131025s9999    xx            000 0 und d</controlfield>
  <datafield tag="040" ind1=" " ind2=" ">
    <subfield code="a">IT-RoPAU</subfield>
  </datafield>
  <datafield tag="040" ind1=" " ind2=" ">
    <subfield code="c">IT-RoPAU</subfield>
  </datafield>
  <datafield tag="041" ind1=" " ind2=" ">
    <subfield code="a">INGLESE</subfield>
  </datafield>
  <datafield tag="999" ind1=" " ind2=" ">
    <subfield code="c">99161</subfield>
    <subfield code="d">99161</subfield>
  </datafield>
  <datafield tag="999" ind1=" " ind2=" ">
    <subfield code="b">n.d.</subfield>
  </datafield>
  <datafield tag="100" ind1=" " ind2=" ">
    <subfield code="a">AA.VV.</subfield>
    <subfield code="9">794</subfield>
  </datafield>
  <datafield tag="100" ind1=" " ind2=" ">
    <subfield code="e">Autore musica</subfield>
    <subfield code="9">16720</subfield>
  </datafield>
  <datafield tag="100" ind1=" " ind2=" ">
    <subfield code="g">Codice autore musica SPICS: 12000</subfield>
    <subfield code="9">796</subfield>
  </datafield>
  <datafield tag="245" ind1=" " ind2=" ">
    <subfield code="a">Picture Book</subfield>
  </datafield>
  <datafield tag="250" ind1=" " ind2=" ">
    <subfield code="a">1a ed.</subfield>
  </datafield>
  <datafield tag="260" ind1=" " ind2=" ">
    <subfield code="a">GERMANY</subfield>
  </datafield>
  <datafield tag="260" ind1=" " ind2=" ">
    <subfield code="b">ELEKTRA RECORDS</subfield>
    <subfield code="c">1985 [1a Ed.:1985 - Ed. Lingua Orig.: 1985]</subfield>
  </datafield>
  <datafield tag="300" ind1=" " ind2=" ">
    <subfield code="a">DISCO</subfield>
  </datafield>
  <datafield tag="300" ind1=" " ind2=" ">
    <subfield code="c">46 minuti (Testo:  pag.)</subfield>
  </datafield>
  <datafield tag="500" ind1=" " ind2=" ">
    <subfield code="a">Musica rock</subfield>
  </datafield>
  <datafield tag="505" ind1=" " ind2=" ">
    <subfield code="a">Come To My Aid (5:00) - Sad Old Red (5:00) - Look At You Now (3:00) - Heaven (5:00) - Jericho (7:00) - Money's Too Tight [(To Mention) (5:00)] - Holding Back the Years (5:00) - Red Box (4:00) - No Direction (4:00) - Picture Book (6:00)</subfield>
  </datafield>
  <datafield tag="650" ind1=" " ind2=" ">
    <subfield code="a">ROCK [DISCHI]</subfield>
    <subfield code="e">Codice MATERIA SPICS: 9950</subfield>
    <subfield code="9">1088</subfield>
  </datafield>
  <datafield tag="700" ind1=" " ind2=" ">
    <subfield code="a">Simply Red</subfield>
    <subfield code="e">Autrore</subfield>
    <subfield code="g">Codice autore SPICS: 10084</subfield>
    <subfield code="9">16721</subfield>
  </datafield>
  <datafield tag="700" ind1=" " ind2=" ">
    <subfield code="a">Simply Red</subfield>
    <subfield code="g">Codice interprete SPICS: 10084</subfield>
    <subfield code="e">Interprete</subfield>
    <subfield code="9">16722</subfield>
  </datafield>
  <datafield tag="700" ind1=" " ind2=" ">
    <subfield code="a">Hucknall Mick</subfield>
    <subfield code="g">Codice autore musica SPICS: 28125</subfield>
    <subfield code="e">Autore musica</subfield>
    <subfield code="p">Come To My Aid - Sad Old Red - Look At You Now - Jericho - Holding Back the Years - Red Box - No Direction - Picture Book</subfield>
    <subfield code="9">16723</subfield>
  </datafield>
  <datafield tag="700" ind1=" " ind2=" ">
    <subfield code="a">McIntyre Fritz</subfield>
    <subfield code="g">Codice autore SPICS: 28126</subfield>
    <subfield code="e">Autore</subfield>
    <subfield code="p">Come To My Aid - Picture Book</subfield>
    <subfield code="9">16724</subfield>
  </datafield>
  <datafield tag="700" ind1=" " ind2=" ">
    <subfield code="a">Byrne David</subfield>
    <subfield code="g">Codice autore musica SPICS: 10066</subfield>
    <subfield code="e">Autore musica</subfield>
    <subfield code="p">Heaven</subfield>
    <subfield code="9">16725</subfield>
  </datafield>
  <datafield tag="700" ind1=" " ind2=" ">
    <subfield code="a">Valentine John</subfield>
    <subfield code="g">Codice autore musica SPICS: 28127</subfield>
    <subfield code="e">Autore musica</subfield>
    <subfield code="p">Money's Too Tight (To Mention)</subfield>
    <subfield code="9">16726</subfield>
  </datafield>
  <datafield tag="700" ind1=" " ind2=" ">
    <subfield code="a">Valentine William</subfield>
    <subfield code="g">Codice autore SPICS: 28128</subfield>
    <subfield code="e">Autore</subfield>
    <subfield code="p">Money's Too Tight (To Mention)</subfield>
    <subfield code="9">16727</subfield>
  </datafield>
  <datafield tag="700" ind1=" " ind2=" ">
    <subfield code="a">Moss Robert</subfield>
    <subfield code="g">Codice autore SPICS: 11228</subfield>
    <subfield code="e">Autore</subfield>
    <subfield code="p">Holding Back the Years</subfield>
    <subfield code="9">16728</subfield>
  </datafield>
  <datafield tag="700" ind1=" " ind2=" ">
    <subfield code="a">Fryman</subfield>
    <subfield code="g">Codice autore SPICS: 28129</subfield>
    <subfield code="e">Autore</subfield>
    <subfield code="p">No Direction</subfield>
    <subfield code="9">16729</subfield>
  </datafield>
  <datafield tag="942" ind1=" " ind2=" ">
    <subfield code="c">MD</subfield>
    <subfield code="2">ddc</subfield>
  </datafield>
  <datafield tag="952" ind1=" " ind2=" ">
    <subfield code="0">0</subfield>
    <subfield code="1">0</subfield>
    <subfield code="4">0</subfield>
    <subfield code="6">26773_000000000000000</subfield>
    <subfield code="7">1</subfield>
    <subfield code="a">SPICS</subfield>
    <subfield code="b">SPICS</subfield>
    <subfield code="d">2013-10-25</subfield>
    <subfield code="l">0</subfield>
    <subfield code="o">26773</subfield>
    <subfield code="r">2013-10-25 00:00:00</subfield>
    <subfield code="w">2013-10-25</subfield>
    <subfield code="y">MD</subfield>
    <subfield code="z">Progr. Ins.: 6330 / N.Vol.: 1 / Copie: 1 - Copia rara: n.d. / date import: 01.01.2014 - By Epidotti, Trombetti, Vaglietti</subfield>
  </datafield>
</record>
